マジカルミライ歴代開催地 - Statistics

General Stats
  • This quiz has been taken 15 times
  • The average score is 3 of 8
Answer Stats
Hint Answer % Correct
2016~ 幕張メッセ
100%
2014 2018 2020~ インテックス大阪
50%
2015ライブ 日本武道館
50%
2024 福岡サンパレス
40%
2013 横浜アリーナ
30%
2014 東京体育館
0%
2015企画展 科学技術館
0%
10th anniversary 札幌文化芸術劇場hitaru
0%
No matching quizzes found
Score Distribution
Percent of People with Each Score
Percentile by Number Answered
Your Score History
You have not taken this quiz